Voc. Latin : Français - Latin - Statistiques

Statistiques générales
  • Ce quiz a été pris 8 fois
  • Le résultat moyen est 32 sur 394
Statistiques - réponses
Latin Français % Correct
et et
100%
at mais
75%
bene bien
75%
cum quand (+ind)
75%
male mal
75%
non ne...pas
75%
numquam ne...jamais
75%
nunc maintenant
75%
ac, atque et
50%
aut ou bien
50%
mille mille
50%
quia parce que
50%
saepe souvent
50%
satis assez
50%
semper toujours
50%
sic ainsi
50%
tum alors
50%
ut quand (+ind)
50%
absum, abes, abesse, abfui être absent
25%
adsum, ades, adesse, adfui être présent
25%
agricola, ae paysan
25%
amicitia, ae amitié
25%
amo, as, are, aui, atum aimer
25%
ancilla, ae servante
25%
aqua, ae eau
25%
Athenae, arum Athènes
25%
auaritia, ae avarice
25%
audio, is, ire, audiui, auditum entendre
25%
autem or
25%
capio, is, ere, cepi, captum prendre
25%
celeriter rapidement
25%
cogito, as, are, aui, atum penser
25%
copia, ae abondance
25%
corpus, oris corps
25%
dea, ae déesse
25%
debeo, es, ere, debui, debitum devoir
25%
deinde ensuite
25%
deleo, es, ere, eui, etum détruire
25%
dico, is, ere, dixi, dictum dire
25%
diligentia, ae empressement
25%
doceo, es, ere, docui, doctum enseigner
25%
dux, ducis chef
25%
enim en effet
25%
ergo donc
25%
etiam même
25%
fama, ae réputation
25%
familia, ae famille
25%
femina, ae femme
25%
fero, fers, ferre, tuli, latum porter
25%
fortuna, ae chance
25%
fuga, ae fuite
25%
Gallia, ae Gaule
25%
gloria, ae gloire
25%
Graecia, ae Grèce
25%
gratia, ae grâce
25%
Hispania, ae Espagne
25%
iacio, is, ere, ieci, iactum jeter
25%
igitur donc
25%
insula, ae île
25%
ira, ae colère
25%
Italia, ae Italie
25%
itaque c'est pourquoi
25%
lego, is, ere, legi, lectum lire
25%
malo, mauis, malle, malui préférer
25%
moneo, es, ere, monui, monitum avertir
25%
multum beaucoup
25%
Musa, ae Muse
25%
nam car
25%
narro, as, are, aui, atum raconter
25%
natura, ae nature
25%
nec, neque et...ne pas
25%
nolo, non uis, nolle, nolui ne pas vouloir
25%
non solum / tantum...sed etiam non seulement
25%
ostendo, is, ere, ostendi, ostentum montrer
25%
pecunia, ae argent
25%
poeta, ae poète
25%
possum, potes, posse, potui pouvoir
25%
prosum, prodes, prodesse, profui être utile à
25%
puella, ae jeune fille
25%
pugna, ae bataille
25%
-que et
25%
quomodo comment
25%
respondeo, es, ere, -di, -sum répondre
25%
Roma, ae Rome
25%
rosa, ae rose
25%
scio, is, ire, sciui, scitum savoir
25%
scribo, is, ere, scripsi, scriptum écrire
25%
sed mais
25%
silua, ae forêt
25%
sum, es, esse, fui être
25%
tamen cependant
25%
teneo, es, ere, tenui, tentum tenir
25%
uel ou bien
25%
uenio, is, ire, ueni, uentum venir
25%
uero vraiment
25%
uia, ae route
25%
uictoria, ae victoire
25%
uita, ae vie
25%
uolo, uis, uelle, uolui vouloir
25%
ab loin de (+abl)
0%
accipio, is, ere, accepi, acceptum recevoir
0%
accuso, as, are, aui, atum accuser
0%
acer, acris, acre pointu
0%
acerbus, a, um pénible
0%
adulescentia, ae jeunesse
0%
aedes, is temple
0%
aequus, a, um égal
0%
ager, agri champ
0%
ago, is, ere, egi, actum mener
0%
alienus, a, um étranger
0%
aliquando un jour
0%
altus, a, um haut
0%
amicus, i ami
0%
animus, i âme
0%
annus, i année
0%
Antonius, ii Antoine
0%
appareo, es, ere, apparui, itum apparaître
0%
ara, ae autel
0%
arma, morum armes
0%
Augustus, i Auguste
0%
auxilium, ii aide
0%
beatus, a, um heureux
0%
bellum, i guerre
0%
bonus, a, um bon
0%
cado, si, ere, cecidi, casum tomber
0%
caecus, a, um aveugle
0%
caedes, is meurtre
0%
Caesar, aris César
0%
Caius, ii Caius
0%
canis, is chien
0%
cano, is, ere, cecini, cantum chanter
0%
caput, itis tête
0%
carmen, minis chant
0%
Carthago, inis Carthage
0%
Catilina, ae Catilina
0%
celer, celeris, celere rapide
0%
Cicero, onis Cicéron
0%
ciuilis, is, e civil
0%
ciuis, is citoyen
0%
ciuitas, atis citoyenneté
0%
clamor, oris cri
0%
clarus, a, um célèbre
0%
classis, is flotte de navires
0%
Claudius, ii Claude
0%
cognosco, is, ere, cognoui, cognitum apprendre
0%
colo, is, ere, colui, cultum cultiver
0%
committo, is, ere, misi, missum entreprendre
0%
coniuratio, onis conjuration
0%
consilium, ii assemblée
0%
conspicio, is, ere, spexi, spectum regarder
0%
consul, ulis consul
0%
credo, is, ere, credidi, creditum croire
0%
Croesus, i Crésus
0%
Cryus, i Cyrus
0%
cum avec (+abl)
0%
cupidus, a, um cupide
0%
cura, ae soin
0%
curro, is, ere, cucurri, cursum courir
0%
damno, as, are, aui, atum condamner
0%
de de (+abl)
0%
decem dix
0%
dens, ntis dent
0%
desino, is, ere, sii, situm cesser de (+inf)
0%
deus, i dieu
0%
difficilis, is, e difficile
0%
diligenter soigneusement
0%
disco, is, ere, didici, discitum apprendre
0%
diu longtemps
0%
diues, diuitis riche
0%
diuitiae, arum richesses
0%
diuus, a, um divin
0%
doctus, a, um savant
0%
do, das, dare, dedi, datum donner
0%
dominus, i maître
0%
donum, i don
0%
duco, is, ere, duxi, ductum conduire
0%
dulcis, is, e doux
0%
ego je
0%
eo, is, ire, ii, itum aller
0%
epistula, ae lettre
0%
eques, itis chevalier
0%
equus, i cheval
0%
existimo, as, are, aui, atum estimer
0%
fabula, ae histoire
0%
facile facilement
0%
facilis, is, e facile
0%
facio, is, ere, feci, factum faire
0%
fatum, i sort
0%
filia, ae fille
0%
filius, i fils
0%
finis, is fin
0%
flumen, minis fleuve
0%
foras dehors
0%
fortis, is, e fort
0%
forum, i place publique
0%
frater, tris frère
0%
frons, ndis feuillage
0%
frumentum, i blé
0%
fulgur, guris foudre
0%
Gallus, a, um gaulois
0%
gaudium, ii joie
0%
genius, ii génie
0%
genus, neris genre
0%
Germani, orum Germains
0%
Germanus, a, um germain
0%
gladium, ii épée
0%
Graeci, orum Grecs (les...)
0%
gratus, a, um agréable à (+dat)
0%
habeo, es, ere, habui, habitum avoir
0%
Haeduus, a, um héduen
0%
haud pas
0%
Heluetii, orum Helvètes
0%
Homerus, i Homère
0%
homo, minis homme
0%
hora, ae heure
0%
hostis, is ennemi
0%
ianua, ae porte
0%
Ianus, i Janus
0%
ignis, is feu
0%
imperator, oris empereur
0%
ingenium, ii intelligence
0%
inter entre (+acc)
0%
inuado, is, ere, inuasi, inuasum envahir
0%
inuenio, is, ire, ueni, uentum trouver
0%
is, ea, id il
0%
iubeo, es, ere, iussi, iussum ordonner
0%
Iulius, ii Jules
0%
Iupiter, Iouis Jupiter
0%
iuuenis, is jeune homme
0%
iuuentus, tutis jeunesse
0%
iuxta à côté de (+acc)
0%
labor, oris peine
0%
laetitia, ae joie
0%
laetus, a, um joyeux
0%
Latium, ii Latium
0%
laudo, as, are, aui, atum louer
0%
laus, laudis louanges
0%
libenter volontiers
0%
liber, era, erum libre
0%
liber, libri livre
0%
licet, licuit il est permis
0%
littera, ae lettre
0%
longe de loin
0%
longus, a, um long
0%
Lucilius, ii Lucilius
0%
ludo, is, ere, lusi, lusum jouer
0%
ludus, i jeu
0%
Lugdunum, i Lyon
0%
lupa, ae louve
0%
Lutetia, ae Lutèce
0%
magis plus
0%
magister, tri maître
0%
magnus, a, um grand
0%
maneo, es, ere, mansi, mansum rester
0%
Marcus, i Marcus
0%
mare, ris mer
0%
mater, tris mère
0%
maximus, a, um le plus grand
0%
medicus, i médecin
0%
memini, isse se souvenir de (+gen)
0%
mensis, is mois
0%
mens, ntis esprit
0%
me paenitet je me repens de (+gen)
0%
me piget je suis contrarié de (+gen)
0%
me pudet j'ai honte de (+gen)
0%
meus, mea, meum mon
0%
miles, litis soldat
0%
minimus, a, um le plus petit
0%
miser, era, erum malheureux
0%
mitto, is, ere, misi, missum envoyer
0%
modus, i manière
0%
mors, mortis mort
0%
mox bientôt
0%
mulier, lieris femme
0%
multus, a, um abondant
0%
nemo personne...ne
0%
nobilis, is, e noble
0%
nobilitas, tatis noblesse
0%
non iam ne...plus
0%
nos nous
0%
noster, tra, trum notre
0%
nouus, a, um nouveau
0%
nox, noctis nuit
0%
nullus, a, um aucun...ne
0%
nuper récemment
0%
odium, ii haine
0%
oportet, ere, oportuit il faut
0%
optimus, a, um le meilleur
0%
opus, peris travail
0%
oratio, tionis discours
0%
paene presque
0%
paruus, a, um petit
0%
pater, tris père
0%
patria, ae patrie
0%
pauci, ae, a peu nombreux
0%
pauper, eris pauvre
0%
per par (+acc)
0%
perdo, is, ere, perdidi, perditum perdre
0%
Persia, ae Perse
0%
pessimus, a, um le pire
0%
peto, is, ere, iui (ii), itum réclamer
0%
Petrus, i Pierre
0%
philosophus, i philosophe
0%
piger, gra, grum paresseux
0%
plebs, bis plèbe
0%
plurimus, a, um le plus grand nombre
0%
populus, i peuple
0%
post après (+acc)
0%
praebeo, es, ere, praebui, praebitum offrir
0%
princeps, cipis prince
0%
procul ab loin de (+abl)
0%
proelium, ii combat
0%
propinquus, a, um proche
0%
propter à côté de (+acc)
0%
prudens, ntis prévoyant
0%
puerilis, is, e enfantin
0%
puer, pueri enfant
0%
pulcher, chra, chrum beau
0%
puto, as, are, aui, atum penser
0%
quando quand
0%
quies, etis repos
0%
quietus, a, um calme
0%
quotiens combien de fois
0%
ratio, tionis raison
0%
rectus, a, um droit
0%
regina, ae reine
0%
regnum, i règne
0%
rego, is, ere, rexi, rectum diriger
0%
Remus, i Rémus
0%
rex, gis roi
0%
Rhea siluia, ae Rhéa Silvia
0%
Rhenus, i Rhin
0%
rogo, as, are, aui, atum demander
0%
Romanus, a, um Romain
0%
Romulus, i Romulus
0%
rursus de nouveau
0%
sacer, ra, rum sacré
0%
saeuus, a, um cruel
0%
sapiens, ntis sage
0%
sapientia, ae sagesse
0%
scelus, leris crime
0%
scriptor, toris écrivain
0%
senectus, tutis vieillesse
0%
senex, nis vieillard
0%
sentio, is, ire, sensi, sensum sentir
0%
seruus, i esclave
0%
Sicila, ae Sicile
0%
similis, is, e semblable à (+gen)
0%
sine sans (+abl)
0%
sino, is, ere, siui, stium permettre
0%
Solo, onis Solon
0%
solus, a, um seul
0%
sto, stas, stare, steti, statum se tenir debout
0%
summus, a, um le plus haut
0%
superbia, ae orgueil
0%
suus, sua, suum son
0%
taceo, es, ere, tacui, tacitum se taire
0%
tantus, a, um si grand
0%
tantus...quantus autant...que
0%
templum, i temple
0%
tempus, poris temps
0%
tenebrae, arum ténèbres
0%
Terentia, ae Térentia
0%
terra, ae terre
0%
thesaurus, i trésor
0%
Tiberis, is Tibre
0%
timeo, es, ere, timui craindre
0%
tollo, is, ere, sustuli, sublatum porter
0%
trado, is, ere, tradidi, traditum livrer
0%
transeo, is, ire, ii, situm traverser
0%
Troia, ae Troie
0%
Troiani, orum Troyens
0%
tu tu
0%
turba, ae foule
0%
tuus, tua, tuum ton
0%
ualeo, es, ere, ui, itum être en bonne santé
0%
ubi
0%
uerbum, i mot
0%
uestalis, is vestale
0%
uester, tra, trum votre
0%
ueto, as, are, aui, atum interdire
0%
uetus, ueteris vieux
0%
uictor, oris vainqueur
0%
uinco, is, ere, uici, uictum vaincre
0%
uir, i homme
0%
uirtus, tutis courage
0%
uis, uim, ui (pl. uires, uirium) force
0%
uiuo, is, ere, uixi, uictum vivre
0%
uos vous
0%
uox, uocis voix
0%
urbs, bis ville
0%
urigo, ginis vierge
0%
Vergilius, ii Virgile
0%
Verres, is Verrès
0%
Aucun quiz correspondant
Distribution des résultats
% des personnes avec chaque résultat
Percentile par nombre de réponses
Votre historique - résultats
Vous n’avez pas pris ce quiz